000 01395cam a22001814a 4500
005 20250605164343.0
008 250528s ||||||||||||||||||||||||d
035 _a23737
040 _aGR-AtMCL
_bgre
_dGR-AtMCL
_eAACR2
245 1 _aΗ Στρατηγική και το Μάρκετινγκ της Φαρμακοβιομηχανίας στην Πώληση των ΜΗ.ΣΥ.ΦΑ. στα SUPER MARKET/Καταλληλότητα και Εμπορική Πολιτική
260 _c2016
300 _a99
520 _aΠερίληψη, Ευχαριστίες, Εισαγωγή, Οργανωσιακό Πλαίσιο, Η Φαρμακευτική Αγορά Σήμερα, Κανάλια Διανομής Φαρμάκου, Ανάλυση Ανταγωνισμού, Διαφημιστικές Επενδύσεις, Στρατηγική και Συμμαχίες, Η Στρατηγική των Φαρμακοβιομηχανιών, Εναλλακτικές Συμμαχίες, Με Επίκεντρο των Καταναλωτή, Η Συμπεριφορά του Καταναλωτή, Ο Ρόλος του Φαρμακοποιού, Η Αναφορά του Κράτους, Ερευνητικό Μέρος, Διερεύνηση, Επίλογος, Συμπεράσματα.
700 1 _aΚυριαζόπουλος Βασίλειος
_99283
942 _cDS
999 _c8686
_d8686